000 nam a22 7a 4500
999 _c9265
_d9265
008 180125b ||||| |||| 00| 0 eng d
100 _aNCERT
_95521
245 _aMari gold - II
260 _aNew Delhi
_bNCERT
_c2006